| 000 | 00957nam a2200121Ia 4500 | ||
|---|---|---|---|
| 008 | 220615s9999||||xx |||||||||||||| ||und|| | ||
| 245 | 0 |
_aApplied Pedagogies for Higher Education _bReal World Learning and Innovation across the Curriculum |
|
| 546 | _aEnglish[eng] | ||
| 650 | _aProfessional & Vocational Education||Higher Education||Learning & Instruction||Educational Policy and Politics||Professional and Vocational Education||Education||Real world learning||Applied pedagogy||Higher education policy||Graduate employability||Academic development||Placement years||Innovative pedagogies||Open Access||Industrial or vocational training||Higher & further education, tertiary education||Teaching skills & techniques||Cognition & cognitive psychology||Educational strategies & policy | ||
| 700 | _aMorley, Dawn A.||Jamil, Md Golam | ||
| 856 | _uhttps://library.oapen.org/bitstream/20.500.12657/42924/1/2021_Book_AppliedPedagogiesForHigherEduc.pdf | ||
| 942 | _cEB | ||
| 999 |
_c13749 _d13749 |
||